11.Excerpts from the „Empirical Research in Hungary about Lay and Professional Judge Relations in Mixed Tribunals Fair or Self-Distancing Aristocratism?” /

Elmentve itt :
Bibliográfiai részletek
Szerző: Harkai István
Dokumentumtípus: Cikk
Megjelent: 2021
Sorozat:COMPARATIVE LAW WORKING PAPERS 5 No. 4
Tárgyszavak:
mtmt:32515612
Online Access:http://publicatio.bibl.u-szeged.hu/23220
LEADER 00809nab a2200193 i 4500
001 publ23220
005 20220117112021.0
008 220117s2021 hu o 0|| Angol d
022 |a 2560-1911 
024 7 |a 32515612  |2 mtmt 
040 |a SZTE Publicatio Repozitórium  |b hun 
041 |a Angol 
100 1 |a Harkai István 
245 1 0 |a 11.Excerpts from the „Empirical Research in Hungary about Lay and Professional Judge Relations in Mixed Tribunals  |h [elektronikus dokumentum] :  |b Fair or Self-Distancing Aristocratism?” /  |c  Harkai István 
260 |c 2021 
300 |a Terjedelem: 4 p-Azonosító: harkaisummaryempiricalres.pdf 
490 0 |a COMPARATIVE LAW WORKING PAPERS  |v 5 No. 4 
650 4 |a Jogtudomány 
856 4 0 |u http://publicatio.bibl.u-szeged.hu/23220/1/harkaisummaryempiricalres.pdf  |z Dokumentum-elérés